2008-09 FC Barcelona Winning Squad - Statistics

General Stats
  • This quiz has been taken 1,326 times
  • The average score is 11 of 12
Answer Stats
Position Nationality Person % Correct
Right Winger Lionel Messi
99%
Central Midfielder Xavi
98%
Central Midfielder Andrés Iniesta
97%
Centre Forward Samuel Eto'o
97%
Centre Back Carles Puyol
96%
Centre Back Gerard Piqué
96%
Right Back Dani Alves
95%
Coach Pep Guardiola
95%
Left Winger Thierry Henry
93%
Goalkeeper Victor Valdés
92%
Central Midfielder Yaya Touré
87%
Left Back Éric Abidal
79%
No matching quizzes found
Score Distribution
Percent of People with Each Score
Percentile by Number Answered
Your Score History
You have not taken this quiz